Quan điểm của Đảng và Nhà nước về công tác thi đua - khen thưởng

Quan điểm của Đảng và Nhà nước về công tác thi đua khen thưởng, quy định các loại huân, huy chương, lời kêu gọi của Hồ Chí Minh...Những quy định về tổ chức thực hiện công tác thi đua khen thưởng và những quy định về thi đua, chế độ khen thưo...

Disgrifiad llawn

Wedi'i Gadw mewn:
Manylion Llyfryddiaeth
Fformat: Llyfr
Iaith:Undetermined
Cyhoeddwyd: Hà Nội Quân đội Nhân dân 2003
Pynciau:
Tagiau: Ychwanegu Tag
Dim Tagiau, Byddwch y cyntaf i dagio'r cofnod hwn!
Thư viện lưu trữ: Trung tâm Học liệu Trường Đại học Cần Thơ
LEADER 00916nam a2200181Ia 4500
001 CTU_58255
008 210402s9999 xx 000 0 und d
082 |a 324.2597075 
082 |b Qu105 
245 0 |a Quan điểm của Đảng và Nhà nước về công tác thi đua - khen thưởng 
260 |a Hà Nội 
260 |b Quân đội Nhân dân 
260 |c 2003 
520 |a Quan điểm của Đảng và Nhà nước về công tác thi đua khen thưởng, quy định các loại huân, huy chương, lời kêu gọi của Hồ Chí Minh...Những quy định về tổ chức thực hiện công tác thi đua khen thưởng và những quy định về thi đua, chế độ khen thưởng. 
650 |a Communist parties 
650 |z Vietnam 
904 |i Minh 
980 |a Trung tâm Học liệu Trường Đại học Cần Thơ